Discursos, entrevistas y conferencias
Gorde:
| Egile nagusia: | |
|---|---|
| Formatua: | Liburua |
| Hizkuntza: | gaztelania |
| Argitaratua: |
Santiago
Andante
1989
|
| Saila: | Libros para la Democracia
|
| Gaiak: | |
| Etiketak: |
Etiketa erantsi
Etiketarik gabe, Izan zaitez lehena erregistro honi etiketa jartzen!
|
MARC
| LEADER | 00000nam a2200000 a 4500 | ||
|---|---|---|---|
| 001 | UCO7932 | ||
| 003 | CL-VaPUC | ||
| 008 | 001124e19890000CL |||||||||||||||||spa|d | ||
| 082 | 0 | 4 | |a 320.092 |b ALL |2 21 |
| 100 | 0 | |a Allamand, Andrés |e author |9 435749 | |
| 245 | 1 | 0 | |a Discursos, entrevistas y conferencias |
| 300 | |a 463 p | ||
| 942 | |c BK | ||
| 945 | |d 20001124 00:00:00 |a crobeson | ||
| 260 | |a Santiago |b Andante |c 1989 | ||
| 500 | |a Donación del profesor Manfred Wilhelmy von Wolff | ||
| 600 | 0 | 7 | |a RENOVACION NACIONAL |2 CL-VaPUC |9 452705 |
| 600 | 0 | 7 | |a DEMOCRACIA CRISTIANA |2 CL-VaPUC |9 348140 |
| 650 | 7 | |a FILOSOFIA POLITICA |2 CL-VaPUC |9 452706 | |
| 650 | 0 | |a Discursos políticos |9 373524 | |
| 650 | 0 | |a Entrevistas |9 265537 | |
| 650 | 0 | |a Transición democrática |9 336882 | |
| 650 | 0 | |a Partidos políticos |9 254999 | |
| 650 | 7 | |a RELACIONES CIVICO MILITARES |2 CL-VaPUC |9 315814 | |
| 650 | 0 | |a Derechos humanos |9 223025 | |
| 651 | 7 | |a CHILE |2 CL-VaPUC |9 452707 | |
| 583 | |a last modification |c 20160913 04:22:53 |k Rodrigo Vera | ||
| 490 | 0 | |a Libros para la Democracia | |
| 999 | |c 292749 |d 292747 | ||
| 952 | |0 0 |1 0 |4 0 |6 320_092000000000000_ALL_1989 |7 0 |8 A |9 343818 |a BIBHIS |b BIBHIS |d 2019-11-20 |i 1229478 |o 320.092 ALL 1989 |p 1229478 |r 2025-01-20 |w 2019-11-20 |y BK |k HIS | ||